banner-ar

COGNITIVE DEVELOPMCNT / (Record no. 11568)

MARC details
000 -الفاتح
حقل البيانات ثابتة الطول 00457nam a2200181Ia 4500
008 - عناصر البيانات ثابتة الطول - معلومات عامة
حقل البيانات ثابتة الطول 140319s9999 xx 000 0 eng d
040 ## - مصدر الفهرسة
وكالة الفهرسة الأصلية GCL /
وكالة النسخ GCL
082 04 - رقم تصنيف ديوى العشرى
رقم التصنيف 1155.4
رقم المادة J C
100 1# - المدخل الرئيسى - إسم شخصى
الإسم الشخصى JOHN MESHARE
245 10 - بيان العنوان
العنوان COGNITIVE DEVELOPMCNT /
بيان المسئوليه,etc JOHN MESHARE
300 ## - الوصف المادى
التعداد 387P.
650 04 - المدخل الاضافى بالموضوع-مصطلح موضوعى
مصطلح موضوعي COGNITION IN CHILDERN
650 04 - المدخل الاضافى بالموضوع-مصطلح موضوعى
مصطلح موضوعي COGNITIVE DEVELOPMENT
650 04 - المدخل الاضافى بالموضوع-مصطلح موضوعى
مصطلح موضوعي HUMAN INFORMATION
942 ## - عناصر المدخل الإضافي( كوها)
مصدر التصنيف او مخطط الترفيف Dewey Decimal Classification
Koha [default] item type كتاب
260 ## - PUBLICATION, DISTRIBUTION, ETC. (IMPRINT)
-- [S.N] :
-- BLACK WELL
Holdings
حالة التراجع حالة الفقد حالة تلف ليس للاعارة المكان المؤقت الموقع الحالى تاريخ الاكتساب اجمالي اﻻعارات رقم الطلب الباركود تاريخ اخر مشاهدة تاريخ تفعيل السعر نوع وعاء كوها
        مكتبة القاهرة الكبرى مكتبة القاهرة الكبرى 03/26/2014   1155.4\J C 22818 03/26/2014 03/26/2014 كتاب

Powered By

EGPV